000 00835nas a2200253Ia 4500
001 R010/67310
003 IT-RoPAU
008 151124c99999999xx |||||||||||| ||und||
040 _aIT-RoPAU
040 _cIT-RoPAU
041 _aITALIANO
100 _aMartini Stelio
_gCodice Aut. SPICS: 4087
210 _aCINEMA NUOVO
222 _aCinema Nuovo
245 _aCINEMA NUOVO, ANNO 02-N.006 (1 MARZO 1953)
_bSignora Senza Camelie Non Offende Il Cinema Italiano (La)
250 _a1a ed.
260 _aVICENZA
_bSCUOLA DI ARZIGNANO
_c1953
501 _bPaulus - SPICS - Società San Paolo EM (non-commercial uses only)
_cCopyright2015
300 _a2 p. [146-147]
362 _aANNO 002, N.006 (1 MARZO 1953)
500 _aNote Sul Film di Michelangelo Antonioni.
650 _aCINEMA
_vPUBBLICAZIONE PERIODICA
942 _cCR
999 _c110575
_d110575